Biblioteka Instytutu Północnego w Olsztynie

Franciszka Skwierczyńskiego "Tajna kronika" szczecińskiej "Solidarności" w latach 1980-1982 / (Rekord nr 27793)

Szczegóły MARC
000 -Nagłówek
fixed length control field 02981cam a2200661 i 4500
001 - Nr kontrolny bibl., która utworzyła rek.
control field xx004875640
003 - Siglum bibl., której nr kontr. jest w 001
control field NUKAT
005 - Data i czas ostatniej operacji
control field 20260427102658.0
008 - Elementy pola stałej długości
fixed length control field 200602s2020 pl a |001 0dpol c
020 ## - ISBN
ISBN 9788380988637
dopowiedzenie (oprawa twarda) :
warunki dostępności zł 50,00
035 ## - Systemowy numer kontrolny
systemowy numer kontrolny (OCoLC)1241633699
035 ## - Systemowy numer kontrolny
systemowy numer kontrolny (NUKAT)xx004875640
040 ## - Instytucja sporządzająca opis
Instytucja, która sporządziła opis WR U/hp
język katalgowania-trzyzn. kod pol
zasady opisu rda
Instytucja, która sporządziła rekord WR U/hp
Instytucja, która zmodyfikowała rekord WR U/bk
-- WR U/hps
-- WA 14/PTs
-- OLSZT 008/bak
045 2# - Okres czasu dla zawartości
czas między r. 9999 pne a nasz. czas. d1941
-- d1983
046 ## - Kod rodz. daty, data1, data2 (daty pne)
Begin/single date 2020
Single or starting date for aggregated content 1979
Ending date for aggregated content 1983
100 1# - Hasło główne-nazwa osobowa
Nazwa osobowa Benken, Przemysław.
rodzaj współpracy Autor
9 (RLIN) 19239
245 10 - Tytuł właściwy i oznaczenie odpow.
tytuł Franciszka Skwierczyńskiego "Tajna kronika" szczecińskiej "Solidarności" w latach 1980-1982 /
dod. inf. ze s. tyt./ozn. odpow. Przemysław Benken, Magdalena Dźwigał, Marcin Stefaniak.
260 ## - Adres wydawniczy
miejsce wydania, dystrybucji itp. Szczecin ;
-- Warszawa :
nazwa wydawcy, dystrybutora itp. Instytut Pamięci Narodowej. Komisja Ścigania Zbrodni przeciwko Narodowi Polskiemu. Oddział,
data wydania, dystrybucji itp. 2020.
300 ## - Opis fizyczny
objętość i/lub forma materiału 728 stron :
inne szczegóły opisu fizycznego ilustracje (w tym kolorowe) ;
format 25 cm.
336 ## - Content Type
Term Tekst
Code txt
Source rdacontent
337 ## - Media Type
Term Bez urządzenia pośredniczącego
Code n
Source rdamedia
338 ## - Carrier Type
Term Wolumin
Code nc
Source rdacarrier
380 ## - Form of work
Form of work Książki
380 ## - Form of work
Form of work Publikacje naukowe
388 1# - TIME PERIOD OF CREATION
Time period of creation term 2001-
490 1# - Tytuł serii i ks. wielotom.-nie do wysz.
oznaczenie serii Centralny Projekt Badawczy IPN Opozycja i Opór Społeczny w PRL 1956-1989
504 ## - Uwaga o bibliografii
uwaga o bibliografii Bibliografia na stronach 655-658. Indeks.
600 17 - Hasło przedmiotowe-nazwa osobowa
nazwa osobowa Skwierczyński, Franciszek
daty biograficzne (1941- ).
źródło hasła kaba
9 (RLIN) 40609
600 17 - Hasło przedmiotowe-nazwa osobowa
nazwa osobowa Skwierczyński, Franciszek
daty biograficzne (1941- )
źródło hasła DBN
9 (RLIN) 40610
610 17 - Hasło przedmiotowe-nazwa ciała zbior.
nazwa ciała zbior. lub geogr. Polska.
nazwa jednostki podrzędnej Służba Bezpieczeństwa
określnik chronologiczny 1945-1990.
źródło hasła kaba
9 (RLIN) 14968
610 27 - Hasło przedmiotowe-nazwa ciała zbior.
nazwa ciała zbior. lub geogr. Niezależny Samorządny Związek Zawodowy "Solidarność".
nazwa jednostki podrzędnej Region Pomorze Zachodnie.
źródło hasła kaba
9 (RLIN) 40613
610 27 - Hasło przedmiotowe-nazwa ciała zbior.
nazwa ciała zbior. lub geogr. NSZZ "Solidarność"
źródło hasła DBN
9 (RLIN) 36385
610 27 - Hasło przedmiotowe-nazwa ciała zbior.
nazwa ciała zbior. lub geogr. Służba Bezpieczeństwa (SB ; Polska)
źródło hasła DBN
9 (RLIN) 39640
610 27 - Hasło przedmiotowe-nazwa ciała zbior.
nazwa ciała zbior. lub geogr. Region Pomorza Zachodniego (NSZZ "Solidarność")
źródło hasła DBN
9 (RLIN) 40612
648 #7 - SUBJECT ADDED ENTRY--CHRONOLOGICAL TERM
Chronological term 1901-2000
Source of heading or term DBN
9 (RLIN) 34996
648 #7 - SUBJECT ADDED ENTRY--CHRONOLOGICAL TERM
Chronological term 1939-1945
Source of heading or term DBN
9 (RLIN) 36042
648 #7 - SUBJECT ADDED ENTRY--CHRONOLOGICAL TERM
Chronological term 1945-1989
Source of heading or term DBN
9 (RLIN) 36043
650 #7 - Hasło przedmiotowe-nazwa pospolita
nazwa pospolita lub geogr. Konfidenci
określnik geograficzny Polska
określnik chronologiczny 1945-1990.
źródło hasła kaba
9 (RLIN) 40611
650 #7 - Hasło przedmiotowe-nazwa pospolita
nazwa pospolita lub geogr. Opozycja polityczna legalna
źródło hasła DBN
9 (RLIN) 40119
650 #7 - Hasło przedmiotowe-nazwa pospolita
nazwa pospolita lub geogr. Opozycja polityczna nielegalna
źródło hasła DBN
9 (RLIN) 36914
650 #7 - Hasło przedmiotowe-nazwa pospolita
nazwa pospolita lub geogr. PRL
źródło hasła DBN
9 (RLIN) 35084
650 #7 - Hasło przedmiotowe-nazwa pospolita
nazwa pospolita lub geogr. Tajni współpracownicy służb specjalnych
źródło hasła DBN
9 (RLIN) 39435
651 #7 - Hasło przedmiotowe-nazwa geogr.
nazwa geograficzna Polska
określnik rzeczowy polityka i rządy
określnik chronologiczny 1945-1990.
źródło hasła kaba
9 (RLIN) 35094
651 #7 - Hasło przedmiotowe-nazwa geogr.
nazwa geograficzna Szczecin (woj. zachodniopomorskie)
źródło hasła DBN
9 (RLIN) 37319
651 #7 - Hasło przedmiotowe-nazwa geogr.
nazwa geograficzna Polska
źródło hasła DBN
9 (RLIN) 35076
655 #7 - Termin określający rodzaj/formę
rodzaj/forma Antologia
źródło terminu DBN
9 (RLIN) 34961
655 #7 - Termin określający rodzaj/formę
rodzaj/forma Dokumenty
źródło terminu DBN
9 (RLIN) 37215
655 #7 - Termin określający rodzaj/formę
rodzaj/forma Opracowanie
źródło terminu DBN
9 (RLIN) 35024
655 #7 - Termin określający rodzaj/formę
rodzaj/forma Wydawnictwo źródłowe
źródło terminu DBN
9 (RLIN) 35066
658 ## - Nazwa określająca cel programu nauczania
główny cel programu nauczania Bezpieczeństwo i wojskowość
658 ## - Nazwa określająca cel programu nauczania
główny cel programu nauczania Historia
700 1# - Hasło dodatkowe - nazwa osobowa
nazwa osobowa Dźwigał, Magdalena.
rodzaj współpracy Autor
9 (RLIN) 14913
700 1# - Hasło dodatkowe - nazwa osobowa
nazwa osobowa Stefaniak, Marcin.
rodzaj współpracy Autor
9 (RLIN) 40608
710 2# - Hasło dodatkowe - nazwa ciała zbior.
nazwa ciała zbior. lub nazwa geogr. Instytut Pamięci Narodowej - Komisja Ścigania Zbrodni przeciwko Narodowi Polskiemu.
nazwa jednostki podrzędnej Oddział (Szczecin).
rodzaj współpracy Wydawca
kod rodzaju współpracy pbl
9 (RLIN) 14486
830 #0 - Hasło dod. serii i op. ks. wielotom. -tyt
tytuł Opozycja i Opór Społeczny w PRL 1956-1989
9 (RLIN) 40607
920 ## - ISBN
ISBN 978-83-8098-863-7 (oprawa twarda) : zł 50,00
942 ## - ADDED ENTRY ELEMENTS (KOHA)
Source of classification or shelving scheme Dewey Decimal Classification
Koha item type pozycje dostępne na miejscu
Egzemplarze
Status wycofania Status zagubienia Klasyfikacja Status uszkodzenia Blokada wypożyczeń Kolekcja Lokalizacja macierzysta Lokalizacja bieżąca Data nabycia Numer akcesji Źródło akcesji Cena Nr inwentarzowy il. wypożyczeń Sygnatura Kod kreskowy Date last seen Price effective from Typ egz.
    Dewey Decimal Classification nieuszkodzona   książka w magazynie Biblioteka Instytutu Północnego w Olsztynie Biblioteka Instytutu Północnego w Olsztynie 30/11/2020 D-36/2020 dar 50.00 59933   59933 IPWK21636 27/04/2026 27/04/2026 pozycje dostępne na miejscu
Biblioteka Instytutu Północnego, ul. Partyzantów 87, 10-402 Olsztyn, email: biblioteka(at)ip.olsztyn.pl